Kal man̲am / (Record no. 83217)

MARC details
000 -LEADER
fixed length control field 00569nam a2200205 a 4500
001 - CONTROL NUMBER
control field sa 68009884
003 - CONTROL NUMBER IDENTIFIER
control field DLC
005 - DATE AND TIME OF LATEST TRANSACTION
control field 20260227112548.0
008 - FIXED-LENGTH DATA ELEMENTS--GENERAL INFORMATION
fixed length control field 980409s1965 ii 000 0 tam
010 ## - LIBRARY OF CONGRESS CONTROL NUMBER
LC control number sa 68009884
040 ## - CATALOGING SOURCE
Original cataloging agency DLC
Transcribing agency DLC
050 00 - LIBRARY OF CONGRESS CALL NUMBER
Classification number PL4758.9.K374
Item number K3
100 1# - MAIN ENTRY--PERSONAL NAME
Personal name Karṇan̲,
Dates associated with a name 1936-
245 10 - TITLE STATEMENT
Title Kal man̲am /
Statement of responsibility, etc. Karṇan̲.
260 ## - PUBLICATION, DISTRIBUTION, ETC.
Place of publication, distribution, etc. Maturai :
Name of publisher, distributor, etc. Mīn̲āṭci Puttakci nilaiyam,
Date of publication, distribution, etc. 1965.
300 ## - PHYSICAL DESCRIPTION
Extent 136 p. ;
Dimensions 18 cm.
546 ## - LANGUAGE NOTE
Language note In Tamil.
500 ## - GENERAL NOTE
General note Short stories published in various periodicals.
500 ## - GENERAL NOTE
General note "Mīnāṭci, 57"

No items available.

Powered by Koha